| 000 | 01178nam a2200313Ia 4500 | ||
|---|---|---|---|
| 001 | ebr10057238 | ||
| 003 | CaPaEBR | ||
| 006 | m u | ||
| 007 | cr cn||||||||| | ||
| 008 | 970314s1997 enka sb 001 0 eng d | ||
| 010 | _z 97008846 | ||
| 020 | _z0203132319 | ||
| 020 | _z0415150701 | ||
| 020 | _z041515071X (pbk.) | ||
| 040 |
_aCaPaEBR _cCaPaEBR |
||
| 035 | _a(OCoLC)226376415 | ||
| 050 | 1 | 4 |
_aRC489.S74 _bT47 1997eb |
| 245 | 0 | 4 |
_aThe therapeutic use of stories _h[electronic resource] / _cedited by Kedar Nath Dwivedi. |
| 260 |
_aLondon ; _aNew York : _bRoutledge, _c1997. |
||
| 300 |
_axvii, 237 p. : _bill. |
||
| 504 | _aIncludes bibliographical references and index. | ||
| 533 |
_aElectronic reproduction. _bPalo Alto, Calif. : _cebrary, _d2009. _nAvailable via World Wide Web. _nAccess may be limited to ebrary affiliated libraries. |
||
| 650 | 0 | _aNarrative therapy. | |
| 650 | 0 |
_aMythology _xTherapeutic use. |
|
| 655 | 7 |
_aElectronic books. _2local |
|
| 700 | 1 | _aDwivedi, Kedar Nath. | |
| 710 | 2 | _aebrary, Inc. | |
| 856 | 4 | 0 |
_uhttp://site.ebrary.com/lib/rucke/Doc?id=10057238 _zAn electronic book accessible through the World Wide Web; click to view |
| 999 |
_c71473 _d71473 |
||